00733nam a2200217 a 450000100060000000300080000600500170001400800410003102000150007203500190008704000350010604100080014108200260014910000250017524500500020026000700025030000260032049000700034665000290041683000700044551283BD-RjUL20211209075633.0160830r19651961enka 001 0 eng d a052105107X a(BD-RjUL)51403 aBD-RjULbengcBD-RjULdBD-RjUL aeng 223a515.723bGOF 19651 aGoldberg, Richard R.10aFourier transforms /cby Richard R. Goldberg. aCambridge :bCambridge University Press,c1961, [Reprinted 1965]. aviii, 76 p. ;c22 cm.1 aCambridge tracts in mathematics and mathematical physics ;vno.52 0aFourier transformations. 0aCambridge tracts in mathematics and mathematical physics ;vno.52